00433nam a2200097Ia 4500008004100000100002200041245011400063260008300177650001400260856006100274160909s9999 xx 000 0 und d aSannicandro, Tom. 4aThe Effect of Postsecondary Education on Employment and Income for Individuals with Intellectual Disabilities bBrandeis University, The Heller School for Social Policy and Management.c2016 aEDUC/SPED uhttp://pqdtopen.proquest.com/doc/1808241726.html?FMT=ABS